| 000 | 01203nam0a22003131 4500 | ||
|---|---|---|---|
| 001 | rc\4228618 | ||
| 005 | 20130416110605.9 | ||
| 021 |
_aRU _b[64-16977] |
||
| 035 | _a(NLR Aleph) 008463576 | ||
| 090 |
_a7884965 _c7884965 |
||
| 100 | _a20130416d1964 |||y0rusy50 ca | ||
| 101 | 0 | _arus | |
| 102 | _aRU | ||
| 105 | _aa z ||||| | ||
| 200 | 1 | _aИскусственные спутники в разряженной плазме | |
| 210 |
_aМосква _cНаука _d1964 |
||
| 215 |
_a382 с. _cчерт. _d21 |
||
| 300 | _aПеред загл. авт.: Я.Л. Альперт, А.В. Гуревич, Л.П. Питаевский | ||
| 320 | _aБиблиогр.: с. 380-382 (69 назв.) | ||
| 606 |
_aИскусственные спутники Земли _xДвижение в плазме _2psbo |
||
| 606 |
_aПлазма (физ.) разреженная _2psbo |
||
| 700 | 1 |
_aАльперт _bЯ. Л. _gЯков Львович |
|
| 701 | 1 |
_aПитаевский _bЛ. П. _gЛев Петрович |
|
| 701 | 1 |
_aГуревич _bА. В. _gАлександр Викторович |
|
| 801 | 0 |
_aRU _bNLR _gpsbo |
|
| 801 | 1 |
_aRU _bELAR _2rusmarc |
|
| 852 |
_aNLR _j64-3/1927 |
||
| 942 | _cBOOK | ||
| 980 | _aNB | ||